Datum a čas kvízu
38
Celkem bodů
Celkový počet nahraných bodů na tomto kvízu bez doplňovacích otázek.
2.
Pořadí na kvízu
Konečné umístění týmu na tomto kvízu.
Zaznamenané odpovědi
| # | Otázka | Odpověď | Body | Výsledky |
|---|---|---|---|---|
| 1. | V úterý byli do pražské zoo př... | (lední) medvědi | 1 | |
| 2. | Do jedné vesnické školy zapsal... | ve Francii | 0 | |
| 3. | V úterý byl zahájen 77. ročník... | v Cannes | 1 | |
| 4. | Bývalá manželka Billa Gatese M... | Gatesova nadace | 0 | |
| 5. | Dvacetiletý atlet Tomáš Habart... | D) na 3 000 m překážek | 1 | |
| 6. | Bájného českého knížete Kroka,... | Krakov | 1 | |
| 7. | Podle pověsti prý zvony z kost... | ve čtvrtek (na Zelený čtvrtek) | 0 | |
| 8. | Před kněžnou Libuší stanuli dv... | A | 1 | |
| 9. | O hřbitovním kostele sv. Maří... | Svatební košile | 1 | |
| 10. | Pokud dokážete určit, co tento... | Stadice | 1 |